Diagnóstico industrial (Registro nro. 36459)

Detalles MARC
000 -LEADER
fixed length control field 01155 a2200217 4500
001 - CONTROL NUMBER
control field 63981
005 - DATE AND TIME OF LATEST TRANSACTION
control field 20260521160828.0
008 - FIXED-LENGTH DATA ELEMENTS--GENERAL INFORMATION
fixed length control field 260521a1982 arg spa d
003 - CONTROL NUMBER IDENTIFIER
control field AR-UNSa-BCEJYS
040 ## - CATALOGING SOURCE
Original cataloging agency AR-UNSa-BCEJYS
Language of cataloging spa
Transcribing agency AR-UNSa-BCEJYS
080 ## - UNIVERSAL DECIMAL CLASSIFICATION NUMBER
Universal Decimal Classification number 658.012.4
Common auxiliary subdivision Gestión. Dirección. Autoridad. Técnicas y métodos de gestión (gestión del conocimiento, Outsourcing, Benchmarking...)
020 ## - INTERNATIONAL STANDARD BOOK NUMBER
International Standard Book Number 978-968-18-0589-0
041 ## - LANGUAGE CODE
Language code of text/sound track or separate title spa
100 1# - MAIN ENTRY--PERSONAL NAME
Personal name Pennycvick, K.
245 10 - TITLE STATEMENT
Title Diagnóstico industrial
Name of part/section of a work (Análisis de empresas)
264 #1 - PRODUCTION, PUBLICATION, DISTRIBUTION, MANUFACTURE, AND COPYRIGHT NOTICE
Place of production, publication, distribution, manufacture México :
Name of producer, publisher, distributor, manufacturer Limusa
Date of production, publication, distribution, manufacture, or copyright notice 1982
300 ## - PHYSICAL DESCRIPTION
Extent 229 p.
Dimensions 23 cm.
505 ## - FORMATTED CONTENTS NOTE
Formatted contents note 1. Introducción - 2. Objetivos de una empresa - 3. estructura de una empresa - 4. Los recursos de una empresa - 5. Utilización de equipos y otras máquinas - 6. Materiales - 7. Personal - 8. Dinero (el conjunto de los recursos) - 9. La organización de ventas - 10. La gama de productos: Estructuras de precios - 11. Distribución - 12. Problemas que se presentan cuando hay distintos centros de producción - 13. Comparación de datos inter-empresas(ratios) - <br/>
590 ## - LOCAL NOTE (RLIN)
Local note niveau_biblio:m niveau_hierar:0
942 ## - ADDED ENTRY ELEMENTS (KOHA)
Koha item type
Existencias
Withdrawn status Lost status Damaged status Not for loan Home library Current library Shelving location Date acquired Total checkouts Full call number Barcode Date last seen Price effective from Koha item type
        Biblioteca Prof. Eusebio Cleto del Rey Biblioteca Prof. Eusebio Cleto del Rey   21/05/2026   658.012.4 P416 L53838 21/05/2026 21/05/2026 Libro